00671 2200229 4500001002100000005001500021035002000036007000300056008004100059020001800100082000800118084001400126100001900140245013800159250001100297260003600308300003600344650002200380700002200402990000800424990000900432INLIS00000000000874620210504112524 a0010-0521000039ta210504 g 0 ind  a9789793034782 a392 a392 RAM m0 aRAMALIYAH, aam1 aMembuat Kreasi Antaran Pengantin Untuk Pemula :bMengkreasikan aneka antaran pengantin dengan cara mudah dan praktis /cAam Ramaliyah aCet. 3 aJakarta :bKawan Pustaka,c2004 avi, 110 hlm :b.ilus ;c23,5 cm 4aAntaran pengantin0 aDyah sulistyorini a393 a393b